Econometric approaches to macroeconomic policy formation

Enregistré dans:
Détails bibliographiques
Auteur principal: Ištvániková, Adriana, 1971-
Autres auteurs: Brezina, Ivan, 1963-
Format: Chapitre de livre
Langue:anglais
Tags: Ajouter un tag
Pas de tags, Soyez le premier à ajouter un tag!

MARC

LEADER 00000naa$a2200000$$$4500
001 0095469
005 20240502083241.7
041 0 |a eng 
044 |a CZ 
245 1 0 |a Econometric approaches to macroeconomic policy formation  |c Adriana Ištvániková, Ivan Brezina 
100 1 |a Ištvániková, Adriana, 1971- 
700 1 |a Brezina, Ivan, 1963-